<?xml version="1.0" encoding="UTF-8"?><marc:collection xmlns:marc="http://www.loc.gov/MARC21/slim">
  <marc:record>
    <marc:leader>00000nam  2200000zi 4500</marc:leader>
    <marc:controlfield tag="001">9.920215</marc:controlfield>
    <marc:controlfield tag="003">CaOODSP</marc:controlfield>
    <marc:controlfield tag="005">20230412103919</marc:controlfield>
    <marc:controlfield tag="006">m     o  d f      </marc:controlfield>
    <marc:controlfield tag="007">cr mn|||||||||</marc:controlfield>
    <marc:controlfield tag="008">230217t20232023onca    ob   f000 0 fre d</marc:controlfield>
    <marc:datafield tag="020" ind1=" " ind2=" ">
      <marc:subfield code="a">9780660476797</marc:subfield>
    </marc:datafield>
    <marc:datafield tag="040" ind1=" " ind2=" ">
      <marc:subfield code="a">CaOODSP</marc:subfield>
      <marc:subfield code="b">fre</marc:subfield>
      <marc:subfield code="e">rda</marc:subfield>
      <marc:subfield code="c">CaOODSP</marc:subfield>
    </marc:datafield>
    <marc:datafield tag="043" ind1=" " ind2=" ">
      <marc:subfield code="a">n-cn---</marc:subfield>
    </marc:datafield>
    <marc:datafield tag="045" ind1=" " ind2=" ">
      <marc:subfield code="a">y1y2</marc:subfield>
    </marc:datafield>
    <marc:datafield tag="086" ind1="1" ind2=" ">
      <marc:subfield code="a">Fo4-210/2023F-PDF</marc:subfield>
    </marc:datafield>
    <marc:datafield tag="100" ind1="1" ind2=" ">
      <marc:subfield code="a">Spearing, Melissa, </marc:subfield>
      <marc:subfield code="e">auteur.</marc:subfield>
    </marc:datafield>
    <marc:datafield tag="245" ind1="1" ind2="0">
      <marc:subfield code="a">Dimensionnement de la chaîne nationale d'approvisionnement en semences du Canada : </marc:subfield>
      <marc:subfield code="b">évaluation préliminaire sur les arbres et arbustes : rapport intérimaire.</marc:subfield>
    </marc:datafield>
    <marc:datafield tag="264" ind1=" " ind2="1">
      <marc:subfield code="a">Ottawa (Ontario) : </marc:subfield>
      <marc:subfield code="b">Ressources naturelles Canada = Natural Resources Canada, </marc:subfield>
      <marc:subfield code="c">2023.</marc:subfield>
    </marc:datafield>
    <marc:datafield tag="264" ind1=" " ind2="4">
      <marc:subfield code="c">©2023</marc:subfield>
    </marc:datafield>
    <marc:datafield tag="300" ind1=" " ind2=" ">
      <marc:subfield code="a">1 ressource en ligne (40 pages) : </marc:subfield>
      <marc:subfield code="b">illustrations en couleur</marc:subfield>
    </marc:datafield>
    <marc:datafield tag="336" ind1=" " ind2=" ">
      <marc:subfield code="a">texte</marc:subfield>
      <marc:subfield code="b">txt</marc:subfield>
      <marc:subfield code="2">rdacontent/fre</marc:subfield>
    </marc:datafield>
    <marc:datafield tag="337" ind1=" " ind2=" ">
      <marc:subfield code="a">informatique</marc:subfield>
      <marc:subfield code="b">c</marc:subfield>
      <marc:subfield code="2">rdamedia/fre</marc:subfield>
    </marc:datafield>
    <marc:datafield tag="338" ind1=" " ind2=" ">
      <marc:subfield code="a">ressource en ligne</marc:subfield>
      <marc:subfield code="b">cr</marc:subfield>
      <marc:subfield code="2">rdacarrier/fre</marc:subfield>
    </marc:datafield>
    <marc:datafield tag="500" ind1=" " ind2=" ">
      <marc:subfield code="a">Publié aussi en anglais sous le titre : Sizing Canada's national seed supply chain : preliminary assessment focused on trees and shrubs : interim report.</marc:subfield>
    </marc:datafield>
    <marc:datafield tag="500" ind1=" " ind2=" ">
      <marc:subfield code="a">« Février 2023. »</marc:subfield>
    </marc:datafield>
    <marc:datafield tag="500" ind1=" " ind2=" ">
      <marc:subfield code="a">« Le présent rapport a été préparé par : Melissa Spearing … Donnie McPhee … Judy Loo … » -- Remerciements, page 5.</marc:subfield>
    </marc:datafield>
    <marc:datafield tag="504" ind1=" " ind2=" ">
      <marc:subfield code="a">Comprend des références bibliographiques.</marc:subfield>
    </marc:datafield>
    <marc:datafield tag="520" ind1=" " ind2=" ">
      <marc:subfield code="a">« En 2021-2022, le Centre national de semences forestières a mené une série d'enquêtes en vue de dresser un portrait précis des besoins en matière d'approvisionnement en semences génétiquement appropriées pour la restauration des paysages forestiers (RPF) à l'échelle du pays d'ici 2030. Ce rapport préliminaire se concentre sur les principaux acteurs et industries qui s'intéressent à l'utilisation des conifères, feuillus et arbustes indigènes du Canada. Il comprend également des renseignements des producteurs qui assurent l'approvisionnement en graminées indigènes, ainsi qu'en plantes herbacées. Nous résumons les meilleures pratiques en matière de surveillance des semences et de production pépinière de 115 répondants et personnes interrogées au cours d'entrevues. Nous résumons en outre leurs préoccupations quant à la possibilité de disposer d'une diversité d'espèces et de sources de semences indigènes. On a posé d'importantes questions pour déterminer les obstacles opérationnels possibles, les actions et les calendriers nécessaires pour améliorer leur capacité de répondre à la demande accrue en matière de RPF. Les producteurs qui gèrent leurs propres semences ont révélé la quantité de semences en entreposage par rapport à la production annuelle actuelle. Les organismes responsables des projets de plantation ont souligné les possibilités de restauration et de remise en état particulières dans leur région, ainsi que les espèces susceptibles d'être plantées au cours des cinq prochaines années. Les producteurs et les organismes de plantation ont également repéré les espèces dont l'approvisionnement ou l'acquisition s'avère généralement compliqué. Ce rapport préliminaire fournit les assises de la coordination et de la planification continues nécessaires au succès des projets de RPF à l'avenir » -- Fourni par l'éditeur.</marc:subfield>
    </marc:datafield>
    <marc:datafield tag="650" ind1=" " ind2="6">
      <marc:subfield code="a">Arbres</marc:subfield>
      <marc:subfield code="x">Semences</marc:subfield>
      <marc:subfield code="z">Canada.</marc:subfield>
    </marc:datafield>
    <marc:datafield tag="650" ind1=" " ind2="6">
      <marc:subfield code="a">Arbres</marc:subfield>
      <marc:subfield code="x">Plants</marc:subfield>
      <marc:subfield code="z">Canada.</marc:subfield>
    </marc:datafield>
    <marc:datafield tag="650" ind1=" " ind2="6">
      <marc:subfield code="a">Semences</marc:subfield>
      <marc:subfield code="x">Approvisionnement</marc:subfield>
      <marc:subfield code="z">Canada.</marc:subfield>
    </marc:datafield>
    <marc:datafield tag="650" ind1=" " ind2="6">
      <marc:subfield code="a">Forêts</marc:subfield>
      <marc:subfield code="x">Restauration</marc:subfield>
      <marc:subfield code="z">Canada.</marc:subfield>
    </marc:datafield>
    <marc:datafield tag="650" ind1=" " ind2="6">
      <marc:subfield code="a">Reboisement</marc:subfield>
      <marc:subfield code="z">Canada.</marc:subfield>
    </marc:datafield>
    <marc:datafield tag="650" ind1=" " ind2="6">
      <marc:subfield code="a">Arbres</marc:subfield>
      <marc:subfield code="x">Plantation</marc:subfield>
      <marc:subfield code="z">Canada.</marc:subfield>
    </marc:datafield>
    <marc:datafield tag="710" ind1="2" ind2=" ">
      <marc:subfield code="a">Service canadien des forêts, </marc:subfield>
      <marc:subfield code="e">organisme de publication.</marc:subfield>
    </marc:datafield>
    <marc:datafield tag="775" ind1="0" ind2="8">
      <marc:subfield code="t">Sizing Canada's national seed supply chain : </marc:subfield>
      <marc:subfield code="w">(CaOODSP)9.920214</marc:subfield>
    </marc:datafield>
    <marc:datafield tag="856" ind1="4" ind2="0">
      <marc:subfield code="q">PDF</marc:subfield>
      <marc:subfield code="s">2.64 Mo</marc:subfield>
      <marc:subfield code="u">https://publications.gc.ca/collections/collection_2023/rncan-nrcan/Fo4-210-2023-fra.pdf</marc:subfield>
    </marc:datafield>
  </marc:record>
</marc:collection>
